Els Objectius de la salut per a tothom : objectius de l'estrategia regional europea de la salut per a tothom objectius de l'estrategia regional europea de la salut per a tothom
Descripción Física:
VIII, 200 p. ; 24 cm
MARC
| LEADER | 00000nam a2200000Ia 4500 | ||
|---|---|---|---|
| 001 | 8086 | ||
| 008 | 160829s1987 xx 000 0 cat d | ||
| 080 | |a C-1-258 | ||
| 245 | |a Els Objectius de la salut per a tothom : |b objectius de l'estrategia regional europea de la salut per a tothom | ||
| 260 | |a Barcelona : |b Generalitat de Catalunya, Departament de Sanitat i Seguretat Social, |c 1987 | ||
| 300 | |a VIII, 200 p. ; |c 24 cm | ||
| 650 | |a Salut pública |x Planificació |x Europa |9 19817 | ||
| 650 | |a Europa |x Política sanitària |9 19818 | ||
| 710 | 1 | |a Catalunya. |b Departament de Sanitat i Seguretat Social |9 56409 | |
| 901 | |a Arxiu | ||
| 942 | |n 1 | ||
| 952 | |0 0 |1 0 |4 0 |6 C1258 |7 1 |9 41331 |a Arxiu |b Arxiu |d 2016-12-01 |l 0 |o C-1-258 |p 8086 |r 2016-12-01 00:00:00 |w 2016-12-01 |y ARXIU | ||
| 999 | |c 43139 |d 43139 | ||